| 000 | 00829cab a2200217 4500 | ||
|---|---|---|---|
| 001 | X88051 | ||
| 008 | 090401t1997 xxu||||| |||| 00| 0 eng d | ||
| 035 | _a(Sirsi) u82433 | ||
| 041 | _aeng | ||
| 245 | _aAmsprop Trading Ltd v Harris Distirbution Ltd and another | ||
| 260 | _c1997 | ||
| 350 | _a0 | ||
| 490 |
_aEstates Gazette _v(9747) 22 November 1997, 127-131(5) |
||
| 520 | _aChD 6 November 1997. Landlord and tenant - underlease - privity of contract - whether headleassor can enforce covenants in underlease against original subtenant and its assignee. HEADNOTE see also ABS57164. | ||
| 650 | _aAMSPROP TRADING LTD V HARRIS DISTRIBUTION LTD AND ANOTHER | ||
| 650 | _aPRIVITY OF CONTRACT | ||
| 650 | _aUNDERLEASE | ||
| 690 | _aLANDLORD AND TENANT-CASE LAW-BUSINESS TENANCIES | ||
| 942 | _n0 | ||
| 948 | _c01/12/1997 | ||
| 999 |
_c52052 _d52052 |
||